Communication:The key to the Therapeutic Relationship. (Record no. 254472)
[ view plain ]
| 000 -LEADER | |
|---|---|
| fixed length control field | 00333nam a22001097a 4500 |
| 008 - FIXED-LENGTH DATA ELEMENTS--GENERAL INFORMATION | |
| fixed length control field | 160613b xxu||||| |||| 00| 0 eng d |
| 020 ## - INTERNATIONAL STANDARD BOOK NUMBER | |
| International Standard Book Number | 0803604696 |
| 050 ## - LIBRARY OF CONGRESS CALL NUMBER | |
| Classification number | RT86.3 |
| Item number | S525 1999 |
| 100 ## - MAIN ENTRY--PERSONAL NAME | |
| Personal name | Schuster,Pamela McHugh |
| 245 ## - TITLE STATEMENT | |
| Title | Communication:The key to the Therapeutic Relationship. |
| 260 ## - PUBLICATION, DISTRIBUTION, ETC. (IMPRINT) | |
| Place of publication, distribution, etc | Philadelphia;F.A Davis Company,1999 |
No items available.
